Auditoría bancaria (Registro nro. 2079)
[ vista simple ]
| 000 -LEADER | |
|---|---|
| fixed length control field | 00953 a2200193 4500 |
| 001 - CONTROL NUMBER | |
| control field | 30281 |
| 005 - DATE AND TIME OF LATEST TRANSACTION | |
| control field | 20260407155614.0 |
| 008 - FIXED-LENGTH DATA ELEMENTS--GENERAL INFORMATION | |
| fixed length control field | 260407a1979 arg spa d |
| 003 - CONTROL NUMBER IDENTIFIER | |
| control field | AR-UNSa-BCEJYS |
| 040 ## - CATALOGING SOURCE | |
| Original cataloging agency | AR-UNSa-BCEJYS |
| Language of cataloging | spa |
| Transcribing agency | AR-UNSa-BCEJYS |
| 080 ## - UNIVERSAL DECIMAL CLASSIFICATION NUMBER | |
| Universal Decimal Classification number | 657.633 |
| Common auxiliary subdivision | Detalles técnicos de la auditoría. Comprobaciones internas<br/> |
| 100 1# - MAIN ENTRY--PERSONAL NAME | |
| Personal name | Devincenzi, Juan A. |
| 245 10 - TITLE STATEMENT | |
| Title | Auditoría bancaria |
| 264 #1 - PRODUCTION, PUBLICATION, DISTRIBUTION, MANUFACTURE, AND COPYRIGHT NOTICE | |
| Place of production, publication, distribution, manufacture | Buenos Aires : |
| Name of producer, publisher, distributor, manufacturer | Tesis |
| Date of production, publication, distribution, manufacture, or copyright notice | 1979 |
| 300 ## - PHYSICAL DESCRIPTION | |
| Extent | 270 p. |
| Dimensions | 22 cm. |
| 505 ## - FORMATTED CONTENTS NOTE | |
| Formatted contents note | 1. Concepto de auditoría - 2. Clases de auditoría - 3. Programas y técnicas de revisión - 4. Ubicación de la auditoría bancaria interna - 5. Estructura de la auditoría bancaria - 6. Funcionamiento de la auditoría bancaria - 7. Disciplinas técnicas auxiliares del auditor - 8. Costos del control y de la auditoría - 9. Estafas a bancos - 10. Auditoría del procesamiento electrónico de datos |
| 590 ## - LOCAL NOTE (RLIN) | |
| Local note | niveau_biblio:m niveau_hierar:0 |
| 942 ## - ADDED ENTRY ELEMENTS (KOHA) | |
| Koha item type | |
| Withdrawn status | Lost status | Damaged status | Not for loan | Home library | Current library | Shelving location | Date acquired | Total checkouts | Full call number | Barcode | Date last seen | Price effective from | Koha item type |
|---|---|---|---|---|---|---|---|---|---|---|---|---|---|
| Biblioteca Prof. Eusebio Cleto del Rey | Biblioteca Prof. Eusebio Cleto del Rey | 07/04/2026 | 657.633 D495 | L39996 | 07/04/2026 | 07/04/2026 | Libro | ||||||
| Biblioteca Prof. Eusebio Cleto del Rey | Biblioteca Prof. Eusebio Cleto del Rey | 07/04/2026 | 657.633 D495 | L39997 | 07/04/2026 | 07/04/2026 | Libro |